header

Kitsch (Record no. 63612)

MARC details
000 -LEADER
fixed length control field 01486nam a2200337Ia 4500
100 1# - MAIN ENTRY--AUTHOR NAME
Personal name Lugg, Catherine A.,
245 10 - TITLE STATEMENT
Title Kitsch
260 ## - PUBLICATION, DISTRIBUTION, ETC. (IMPRINT)
Place of publication New York :
Name of publisher Falmer Press,
Year of publication 1999.
300 ## - PHYSICAL DESCRIPTION
Number of Pages viii, 130 p.
490 1# - SERIES STATEMENT
Series statement Garland reference library of social science ;
-- Pedagogy and popular culture ;
650 #0 - SUBJECT ADDED ENTRY--TOPICAL TERM
Topical Term Kitsch
Topical Term Popular culture
856 40 - ELECTRONIC LOCATION AND ACCESS
Uniform Resource Identifier http://site.ebrary.com/lib/rucke/Doc?id=10054947

No items available.

© 2026 Rongo University
Contact us: librarian | system librarian | Rongo university